Oeuvres de Paul Louis Courier (Record no. 47952)

MARC details
000 -LEADER
campo de control de longitud fija 00615nam a22001935i 4500
001 - NÚMERO DE CONTROL
campo de control 47952
003 - IDENTIFICADOR DE NÚMERO DE CONTROL
campo de control ES-MaACL
005 - FECHA Y HORA DE LA ÚLTIMA TRANSACCIÓN
campo de control 20230906161652.0
007 - CAMPO FIJO DE DESCRIPCIÓN FÍSICA--INFORMACIÓN GENERAL
campo de control de longitud fija t|
008 - DATOS DE LONGITUD FIJA--INFORMACIÓN GENERAL
campo de control de longitud fija 950206s1885 fr ||||1| fre d
040 ## - FUENTE DE CATALOGACIÓN
Centro catalogador/agencia de origen CAM
Lengua de catalogación spa
Centro/agencia transcriptor CCPB | PA2
100 1# - ENTRADA PRINCIPAL--NOMBRE DE PERSONA
Nombre de persona Courier, Paul-Louis (
Fechas asociadas al nombre 1772-1825)
9 (RLIN) 41272
245 10 - MENCIÓN DEL TÍTULO
Título Oeuvres de Paul Louis Courier
Resto del título : précédés d'un essai sur la vie et les écrits de l'auteur /
Mención de responsabilidad, etc. par Armand Carrel.
250 ## - MENCION DE EDICION
Mención de edición Nouvelle éd.
260 ## - PUBLICACIÓN, DISTRIBUCIÓN, ETC.
Lugar de publicación, distribución, etc. Paris :
Nombre del editor, distribuidor, etc. [s.n.],
Fecha de publicación, distribución, etc. 1885 (
Fabricante E. Caproinont)
300 ## - DESCRIPCIÓN FÍSICA
Extensión 583 p. ;
Dimensiones 18 cm.
700 1# - ENTRADA AGREGADA--NOMBRE PERSONAL
Nombre de persona Carrel, Armand.
9 (RLIN) 35610
852 ## - LOCALIZACIÓN
Ubicación ES-MaACL
Número de control de estantería D-828
Holdings
Estatus retirado Estado de pérdida Estado de daño No para préstamo Colección Biblioteca de origen Biblioteca actual Ubicación en estantería Fecha de adquisición Fuente de adquisición Total de préstamos Signatura topográfica completa Código de barras Visto por última vez Precio de reemplazo Tipo de ítem Koha
        Libros del s. XIX Biblioteca del Ateneo de Madrid Biblioteca del Ateneo de Madrid Sala Valle Inclán 17/01/2008     D-828 901050464 23/02/2023 23/02/2023 Libro impreso antiguo